[Event "Gatineau Nez Rouge-B"]
[Site "Gatineau"]
[Date "2014.11.25"]
[Round "1"]
[White "Carabineanu, Marcel"]
[Black "Lessard, Alex"]
[Result "0-1"]
[WhiteElo "1290"]
[BlackElo "1498"]
[PlyCount "114"]
[EventDate "2014.11.25"]
[EventType "swiss"]
[EventRounds "4"]
[EventCountry "CAN"]
[SourceTitle "EXT 2016"]
[Source "ChessBase"]
[SourceDate "2015.10.08"]
[SourceVersion "1"]
[SourceVersionDate "2015.10.08"]
[SourceQuality "1"]

1. e4 c5 2. Bc4 Nc6 3. Nf3 e6 4. d3 d6 5. Nc3 Nf6 6. Bf4 Be7 7. 0-0 0-0 8. a3 a6 9. Ne2 b5 10. Bb3 Qb6 11. c3 Bb7 12. Ng3 e5 13. Be3 Nd8 14. Nf5 Qc7 15. Ng5 c4 16. Nxe7+ Qxe7 17. dxc4 bxc4 18. Bxc4 Nxe4 19. Qh5 h6 20. Nf3 Nf6 21. Qh3 d5 22. Bb3 Nc6 23. Qh4 e4 24. Nd4 Nxd4 25. Bxd4 Rfe8 26. Rfe1 Nh7 27. Qg3 Qg5 28. Re3 Qxg3 29. Rxg3 Ng5 30. c4 Rad8 31. c5 Bc6 32. Bd1 f5 33. Be3 Nf7 34. Bh5 Re6 35. Bd4 Ne5 36. Re1 f4 37. Rc3 g5 38. Bd1 Bb5 39. Bxe5 Rxe5 40. c6 Rc8 41. c7 Re7 42. Bb3 Bc4 43. Bxc4 dxc4 44. Rxc4 Rexc7 45. Rxc7 Rxc7 46. Rb1 Kf7 47. Kf1 Ke6 48. Ke2 Rc2+ 49. Ke1 g4 50. b4 Rc3 51. Ra1 Rb3 52. Kf1 Ke5 53. Ke2 Rb2+ 54. Kf1 f3 55. g3 e3 56. fxe3 Rxh2 57. a4 Rh1+ 0-1

[Event "Gatineau Benevoles-B"]
[Site "Gatineau"]
[Date "2014.09.30"]
[Round "5"]
[White "Lessard, Alex"]
[Black "Danilov, Alex"]
[Result "0-1"]
[WhiteElo "1503"]
[BlackElo "1698"]
[PlyCount "42"]
[EventDate "2014.09.09"]
[EventType "swiss"]
[EventRounds "5"]
[EventCountry "CAN"]
[SourceTitle "EXT 2016"]
[Source "ChessBase"]
[SourceDate "2015.10.08"]
[SourceVersion "1"]
[SourceVersionDate "2015.10.08"]
[SourceQuality "1"]

1. d4 Nf6 2. c4 e6 3. Nf3 b6 4. g3 Bb7 5. Bg2 Be7 6. 0-0 0-0 7. Nc3 Ne4 8. Qc2 Nxc3 9. Qxc3 Nc6 10. h4 Bf6 11. Bg5 d6 12. Rfd1 h6 13. Bxf6 Qxf6 14. e4 e5 15. d5 Ne7 16. h5 Bc8 17. Nh2 Qg5 18. Bf3 f5 19. Qd2 f4 20. g4 Kh8 21. Bg2 Bxg4 0-1

[Event "Gatineau Benevoles"]
[Site "Gatineau"]
[Date "2013.12.01"]
[Round "4"]
[White "Lecorre, Joel"]
[Black "Lessard, Alex"]
[Result "1/2-1/2"]
[WhiteElo "1517"]
[BlackElo "1111"]
[PlyCount "75"]
[EventDate "2013.12.10"]
[EventType "swiss"]
[EventRounds "4"]
[EventCountry "CAN"]
[SourceTitle "EXT 2022"]
[Source "ChessBase"]
[SourceDate "2021.10.06"]
[SourceVersion "1"]
[SourceVersionDate "2021.10.06"]
[SourceQuality "1"]

1. b3 e5 2. Bb2 Nc6 3. e3 Nf6 4. Bb5 Bd6 5. Nf3 Qe7 6. 0-0 0-0 7. d3 a6 8. Bxc6 dxc6 9. e4 Bg4 10. h3 Bh5 11. Nbd2 Nd7 12. g4 Bg6 13. h4 h5 14. Ng5 hxg4 15. Qxg4 Nf6 16. Qh3 Nh5 17. Kh1 Nf4 18. Qg3 Bh5 19. f3 Qd7 20. Kh2 f6 21. Nh3 Nxh3 22. Qxh3 Qxh3+ 23. Kxh3 f5 24. Nc4 Rae8 25. Kg3 f4+ 26. Kh3 Rf6 27. Rf2 Rg6 28. Rg2 Rxg2 29. Kxg2 Re6 30. Kf2 Bc5+ 31. Ke2 Rg6 32. Rf1 Rg2+ 33. Kd1 Bf2 34. Nxe5 Bxh4 35. Bc1 g5 36. a4 Kf8 37. Ba3+ Ke8 38. Bc5 1/2-1/2